[Event "Tournoi francophone 017"]
[Site "Skype"]
[Date "????.??.??"]
[Round "7.31"]
[White "Gagnon, Sindy"]
[Black "Coude, Josue"]
[Result "1-0"]
[WhiteElo "1000"]
[BlackElo "1099"]
[PlyCount "57"]

1. e4 e5 2. Nf3 Nc6 3. Be2 Nf6 4. d3 Bc5 5. O-O O-O 6. a3 d6 7. c4 Nd4 8. Nxd4
Bxd4 9. Be3 Bxb2 10. Ra2 Bd4 11. Nd2 Bxe3 12. fxe3 Be6 13. Nf3 h6 14. d4 Nxe4
15. Qd3 f5 16. g3 exd4 17. Nxd4 Qd7 18. Bh5 Bf7 19. Bf3 Rfe8 20. a4 Nc5 21. Qe2
Qe7 22. Nxf5 Qe6 23. Bxb7 Nxb7 24. Rb2 Rab8 25. Rf2 Qxc4 26. Qd2 Qxa4 27. Rf3
Nc5 28. Qc3 Rb3 29. Qxg7# 1-0

[Event "Tournoi francophone 017"]
[Site "Skype"]
[Date "????.??.??"]
[Round "7.33"]
[White "Montilla Bejarano, Mey"]
[Black "Cassano, Mariangela"]
[Result "1-0"]
[WhiteElo "1116"]
[BlackElo "1000"]
[PlyCount "51"]

1. e4 e5 2. Nf3 Nf6 3. Qe2 h6 4. Nxe5 Qe7 5. Nc3 Qxe5 6. Qc4 d5 7. Qb5+ c6 8.
Qe2 Be7 9. b3 Qc7 10. h3 Be6 11. d4 O-O 12. e5 Nfd7 13. Bb2 Bd6 14. exd6 Qxd6
15. O-O-O Qf4+ 16. Kb1 Qc7 17. Rd3 Nf6 18. Bc1 Nbd7 19. Rg3 Nh5 20. Qxh5 g6 21.
Qxh6 Rfe8 22. h4 Nf8 23. h5 Re7 24. Bg5 Rd7 25. Bf6 Rd6 26. Qg7# 1-0

[Event "Tournoi francophone 017"]
[Site "Skype"]
[Date "????.??.??"]
[Round "7.34"]
[White "Radice, Marco"]
[Black "Trapletti, Cosetta"]
[Result "1-0"]
[WhiteElo "1000"]
[BlackElo "1000"]
[PlyCount "53"]

1. d4 d5 2. Bf4 e6 3. Nf3 c5 4. c3 Nf6 5. e3 Bd6 6. Ne5 O-O 7. Nd2 Ne4 8. Bd3
Qf6 9. Nxe4 dxe4 10. Bxe4 b5 11. Bxa8 c4 12. Ng4 Qg6 13. Bxd6 Rd8 14. Be5 Nd7
15. O-O f6 16. Bf4 h5 17. Nxf6+ Nxf6 18. Bf3 Ng4 19. h3 Nf6 20. Re1 Re8 21. Be5
Nd7 22. Bxh5 Qg5 23. Bxe8 Bb7 24. Qg4 Qh6 25. Bxd7 Ba6 26. Bxe6+ Qxe6 27. Qxg7#
1-0